[Event "Madrid-ch Seniors 50"]
[Site "Madrid"]
[Date "2022.04.05"]
[Round "7"]
[White "Siddiqie, Kausar Iqbal"]
[Black "Caravantes Camacho, Fernando"]
[Result "0-1"]
[WhiteElo "1309"]
[BlackElo "1554"]
[PlyCount "70"]
[EventDate "2022.03.28"]
[EventType "swiss"]
[EventRounds "9"]
[EventCountry "ESP"]
[SourceTitle "EXT 2023"]
[Source "ChessBase"]
[SourceDate "2022.10.05"]
[SourceVersion "1"]
[SourceVersionDate "2022.10.05"]
[SourceQuality "1"]

1. e4 e6 2. d4 d5 3. exd5 exd5 4. Nf3 Bd6 5. c4 Bb4+ 6. Nc3 c6 7. cxd5 cxd5 8. Bb5+ Bd7 9. 0-0 Ne7 10. Re1 0-0 11. Bf4 Bxc3 12. Bxd7 Bxe1 13. Bb5 Ba5 14. Bd3 Ng6 15. Bg3 Nc6 16. a3 Re8 17. Qc2 Rc8 18. Qb1 Nxd4 19. b4 Nxf3+ 20. gxf3 Bc7 21. Bb5 Re7 22. f4 Bxf4 23. Qf5 Bxg3 24. hxg3 Rec7 25. Kg2 a6 26. Bd3 Qf6 27. Rh1 Qxf5 28. Bxf5 Rd8 29. a4 d4 30. b5 axb5 31. axb5 d3 32. Rd1 d2 33. Kf1 Rc5 34. g4 Nf4 35. b6 Rc1 0-1

[Event "Madrid-ch Seniors 50"]
[Site "Madrid"]
[Date "2022.04.04"]
[Round "6"]
[White "Carbo De Haya, Jaime"]
[Black "Siddiqie, Kausar Iqbal"]
[Result "0-1"]
[WhiteElo "1156"]
[BlackElo "1309"]
[PlyCount "80"]
[EventDate "2022.03.28"]
[EventType "swiss"]
[EventRounds "9"]
[EventCountry "ESP"]
[SourceTitle "EXT 2023"]
[Source "ChessBase"]
[SourceDate "2022.10.05"]
[SourceVersion "1"]
[SourceVersionDate "2022.10.05"]
[SourceQuality "1"]

1. e4 e5 2. Nf3 Nc6 3. Bb5 Bc5 4. 0-0 Nf6 5. h3 a6 6. Ba4 0-0 7. Re1 d6 8. d3 b5 9. Bb3 Na5 10. c3 Nxb3 11. axb3 Bb7 12. Bg5 h6 13. Bh4 Kh7 14. Nbd2 Rg8 15. Nf1 g5 16. Bg3 Nh5 17. d4 exd4 18. Nxd4 Nxg3 19. Nxg3 Qf6 20. Ngf5 Rae8 21. Qg4 b4 22. Ra5 Bb6 23. Ra4 bxc3 24. bxc3 d5 25. e5 Rxe5 26. Rxe5 Qxe5 27. Qh5 Rg6 28. Nh4 Qe1+ 29. Kh2 gxh4 30. Nf3 Qxf2 31. Rg4 Be3 32. Qf5 Kg7 33. Rxg6+ fxg6 34. Qd7+ Kf6 35. Qd8+ Kf5 36. Nxh4+ Ke4 37. Qe8+ Kd3 38. Qxg6+ Kxc3 39. Nf3 d4 40. b4 Bxf3 0-1

[Event "Madrid-ch Seniors 50"]
[Site "Madrid"]
[Date "2022.03.31"]
[Round "4"]
[White "Siddiqie, Kausar Iqbal"]
[Black "Fernandez Rodriguez, Juan Andres"]
[Result "1-0"]
[WhiteElo "1309"]
[BlackElo "1128"]
[PlyCount "79"]
[EventDate "2022.03.28"]
[EventType "swiss"]
[EventRounds "9"]
[EventCountry "ESP"]
[SourceTitle "EXT 2023"]
[Source "ChessBase"]
[SourceDate "2022.10.05"]
[SourceVersion "1"]
[SourceVersionDate "2022.10.05"]
[SourceQuality "1"]

1. e4 g6 2. d4 Bg7 3. Nf3 d6 4. Bc4 Nf6 5. Nc3 0-0 6. 0-0 a6 7. h3 b5 8. Bb3 b4 9. Na4 Nxe4 10. Bd5 c6 11. Bxe4 Qa5 12. b3 d5 13. Bd3 Nd7 14. Bb2 c5 15. dxc5 Bxb2 16. Nxb2 Nxc5 17. Ne5 f6 18. Nc6 Qc7 19. Nxb4 d4 20. Bc4+ Be6 21. Qxd4 Rfd8 22. Qc3 Bxc4 23. Qxc4+ Kg7 24. N2d3 Rac8 25. Nf4 Qe5 26. Nbd3 Rc6 27. Rfe1 Qf5 28. Rxe7+ Kh6 29. Nxc5 Rxc5 30. Qe4 Qxe4 31. Rxe4 Rxc2 32. Ra4 Ra8 33. Ra5 g5 34. Nd5 Ra7 35. Nxf6 Kg6 36. Ne4 h6 37. Rd1 Re2 38. Rd6+ Kh5 39. g4+ Kh4 40. Rxh6# 1-0